Služby - vybrané aspekty prodeje
Salvato in:
| Autore principale: | |
|---|---|
| Altri autori: | , , , , |
| Natura: | Libro |
| Lingua: | ceco |
| Pubblicazione: |
Ústí nad Labem
Fakulta sociálně ekonomická UJEP
2013
|
| Edizione: | 1. vyd. |
| Soggetti: | |
| Tags: |
Nessun Tag, puoi essere il primo ad aggiungerne!!
|
MARC
| LEADER | 00000nam a2200000 4500 | ||
|---|---|---|---|
| 001 | 0181615 | ||
| 005 | 20240502083427.6 | ||
| 020 | |a 978-80-7414-649-7 | ||
| 041 | 0 | |a cze | |
| 044 | |a CZ | ||
| 245 | 1 | 0 | |a Služby - vybrané aspekty prodeje |c Tomáš Siviček, Michaela Jánská, Alena Zábranská, Pavol Kita, Michaela Žočková ; recenzent Anna Zaušková |
| 250 | |a 1. vyd. | ||
| 264 | 1 | |a Ústí nad Labem |b Fakulta sociálně ekonomická UJEP |c 2013 | |
| 300 | |a CD-ROM [78 s., 3,50 AH] | ||
| 610 | 2 | 0 | |a služby |
| 610 | 2 | 0 | |a predaj |
| 610 | 2 | 0 | |a štúdie prípadové |
| 610 | 2 | 0 | |a pošty |
| 610 | 2 | 0 | |a Česko |
| 610 | 2 | 0 | |a marketing mix |
| 610 | 2 | 0 | |a kvalita služieb |
| 610 | 2 | 0 | |a zamestnanci |
| 100 | 1 | |a Siviček, Tomáš | |
| 700 | 1 | |a Jánská, Michaela | |
| 700 | 1 | |a Zábranská, Alena | |
| 700 | 1 | |a Kita, Pavol | |
| 700 | 1 | |a Žočková, Michaela | |
| 700 | 1 | |a Zaušková, Anna | |